Statistics for Hungary - Belgium UEFA Euro 2016 - Round Of 16

Click here to take the quiz!

General Stats

  • This quiz has been taken 23 times
  • The average score is 15 of 30

Answer Stats

Answer % Correct
Eden Hazard ¹
89%
Romelu Lukaku
84%
Thibaut Courtois
84%
Gábor Király
79%
Marouane Fellaini
74%
Ádám Szalai
63%
Axel Witsel
63%
Kevin De Bruyne
58%
Toby Alderweireld ¹
58%
Jan Vertonghen
58%
Zoltán Gera
58%
Ádám Nagy
58%
Balázs Dzsudzsák
53%
Radja Nainggolan
53%
Yannick Carrasco ¹
53%
Tamás Kádár
53%
Marc Wilmots
53%
Thomas Meunier
47%
Thomas Vermaelen
47%
Ádám Lang
42%
Dries Mertens
42%
Nemanja Nikolić
37%
Bernd Storck
37%
Michy Batshuayi ¹
37%
Gergő Lovrencsics
32%
Roland Juhász
32%
Ádám Pintér
26%
Richárd Guzmics
26%
Dániel Böde
26%
Ákos Elek
16%

Score Distribution

Percentile by Number Answered

Percent of People with Each Score

Your Score History

You have not taken this quiz